000
00263nam a2200109Ia 4500
008
220204s9999 xx 000 0 und d
082
_a
616-053.2
_b
STU
100
_a
Sturgess, Rosemary
245
0
_a
Baby book
260
_a
London
_b
David Charles
_c
1977
942
_c
BK
999
_c
32831
_d
32831